[Event "SR 5. liga SE-SI 2015/2016"]
[Site "?"]
[Date "2015.10.24"]
[Round "1.2"]
[White "Valigursky, Michal"]
[Black "Dubecky, Ladislav"]
[Result "0-1"]
[WhiteElo "1512"]
[BlackElo "1651"]
[PlyCount "114"]
[EventDate "2015.??.??"]

1. e4 e5 2. Nf3 d6 3. d4 exd4 4. Qxd4 Nc6 5. Bb5 Bd7 6. Bxc6 Bxc6 7. O-O Nf6 8.
Nc3 Be7 9. e5 Nd7 10. e6 fxe6 11. Qxg7 Rf8 12. Nd4 Rf7 13. Qg8+ Rf8 14. Qxh7
Nf6 15. Qg6+ Kd7 16. f3 Rg8 17. Qf7 e5 18. Qe6+ Ke8 19. Ne4 Bxe4 20. fxe4 Qd7
21. Rxf6 Qxe6 22. Rxe6 exd4 23. e5 Kd7 24. Rh6 dxe5 25. Bd2 Raf8 26. Rf1 e4 27.
Rh5 c5 28. Rhf5 e3 29. Be1 Rxf5 30. Rxf5 Rf8 31. Rxf8 Bxf8 32. g4 Bh6 33. Kg2
c4 34. Kf3 d3 35. cxd3 cxd3 36. h4 d2 37. Bxd2 exd2 38. Ke2 Bf4 39. g5 Ke7 40.
g6 Kf6 41. h5 a6 42. a3 a5 43. a4 b6 44. b3 Bh6 45. Kd1 Ke6 46. g7 Kf7 47.
g8=Q+ Kxg8 48. Ke2 Kf7 49. Kd1 Ke6 50. Ke2 Kd5 51. Kd1 Kd4 52. b4 axb4 53. a5
bxa5 54. Kc2 a4 55. Kd1 a3 56. Kc2 a2 57. Kd1 a1=Q+ 0-1

[Event "SR 5. liga SE-SI 2015/2016"]
[Site "?"]
[Date "2015.10.24"]
[Round "1.2"]
[White "Pisecky, Jan"]
[Black "Vozarova, Adriana"]
[Result "1/2-1/2"]
[WhiteElo "1478"]
[BlackElo "1422"]
[PlyCount "79"]
[EventDate "2015.??.??"]

1. e4 e5 2. Bc4 Nf6 3. Nc3 Nc6 4. a3 Be7 5. Nf3 O-O 6. d3 d6 7. Nd5 Bg4 8. c3
Nxd5 9. Bxd5 Qd7 10. h3 Bh5 11. g4 Bg6 12. Bg5 Bxg5 13. Nxg5 h6 14. Nf3 Ne7 15.
Ba2 c6 16. Nh4 Rae8 17. Qd2 b5 18. f4 exf4 19. Qxf4 d5 20. O-O-O a5 21. Nf5 Rb8
22. Rhe1 b4 23. Nxe7+ Qxe7 24. exd5 Qb7 25. cxb4 cxd5 26. Qd4 axb4 27. Qxb4
Rfc8+ 28. Kb1 Qa6 29. Qe7 Rb7 30. Qe2 Qxa3 31. Bxd5 Rc1+ 32. Kxc1 Qa1+ 33. Kd2
Rxb2+ 34. Ke3 Rxe2+ 35. Kxe2 Qe5+ 36. Be4 Bxe4 37. dxe4 Qxe4+ 38. Kf2 Qc2+ 39.
Kf3 Qb3+ 40. Kg2 1/2-1/2

[Event "SR 5. liga SE-SI 2015/2016"]
[Site "?"]
[Date "2015.10.24"]
[Round "1.2"]
[White "Tomasovic, Pavol"]
[Black "Sprusansky, Ferdinand"]
[Result "1/2-1/2"]
[WhiteElo "1313"]
[BlackElo "1401"]
[PlyCount "65"]
[EventDate "2015.??.??"]

1. e4 e5 2. Nf3 Nc6 3. Bb5 a6 4. Ba4 b5 5. Bb3 d6 6. c3 Nf6 7. O-O Bg4 8. d4
exd4 9. cxd4 Bxf3 10. gxf3 Na5 11. Bc2 d5 12. e5 Nh5 13. f4 Qh4 14. Qf3 c6 15.
b3 g6 16. Bd2 Nb7 17. Nc3 Bb4 18. a3 Bxc3 19. Qxc3 Qg4+ 20. Kh1 Rc8 21. Rg1 Qh4
22. Qf3 f5 23. exf6 Qxf6 24. Rae1+ Kf7 25. f5 Rhg8 26. fxg6+ hxg6 27. Qxf6+
Nxf6 28. Bd3 c5 29. dxc5 Nxc5 30. Bc2 Nce4 31. Bxe4 Nxe4 32. Be3 Rc2 33. Rg2
1/2-1/2

[Event "SR 5. liga SE-SI 2015/2016"]
[Site "?"]
[Date "2015.10.24"]
[Round "1.3"]
[White "Svrcek, Daniel"]
[Black "Kovarik, Oto"]
[Result "0-1"]
[WhiteElo "1146"]
[BlackElo "1820"]
[PlyCount "110"]
[EventDate "2015.??.??"]

1. e4 c5 2. f4 e6 3. Nf3 Nc6 4. Bb5 Nd4 5. Nxd4 cxd4 6. d3 a6 7. Ba4 Nf6 8. Nd2
b5 9. Bb3 Bb7 10. Nf3 Qb6 11. Qe2 a5 12. a3 Bc5 13. f5 O-O 14. Bg5 exf5 15.
Bxf6 Qxf6 16. O-O-O fxe4 17. dxe4 Rae8 18. Qxb5 Qc6 19. Qxc6 Bxc6 20. Ng5 h6
21. Bxf7+ Kh8 22. Bxe8 hxg5 23. Bg6 Rf6 24. Bh5 Bxe4 25. Bf3 Bxf3 26. gxf3 Rxf3
27. Rdf1 Rf6 28. Rxf6 gxf6 29. Rf1 Kg7 30. Rd1 d6 31. Kd2 f5 32. Kd3 Kf6 33.
Rf1 g4 34. c4 Kg5 35. a4 f4 36. Ke4 f3 37. Rf2 Kh4 38. Kf4 d3 39. Rd2 f2 40.
Rd1 Kh3 41. Ke4 Kxh2 42. Kxd3 g3 43. Ke2 g2 44. Rf1 g1=Q 45. Rxg1 fxg1=Q 46.
Kd3 Qe3+ 47. Kc2 Bb4 48. Kb1 Qd3+ 49. Ka2 Qxc4+ 50. Kb1 Qb3 51. Kc1 Qxa4 52.
Kb1 d5 53. Kc1 d4 54. Kb1 d3 55. Kc1 Qc2# 0-1

[Event "SR 5. liga SE-SI 2015/2016"]
[Site "?"]
[Date "2015.10.24"]
[Round "1.3"]
[White "Vach, Jozef"]
[Black "Horak, Viliam"]
[Result "1-0"]
[WhiteElo "1697"]
[BlackElo "1000"]
[PlyCount "119"]
[EventDate "2015.??.??"]

1. e4 e5 2. d4 Nc6 3. d5 Nd4 4. c3 Bc5 5. cxd4 Bxd4 6. Nf3 Bb6 7. Nxe5 Qf6 8.
Nf3 Qe7 9. Nc3 Nf6 10. Bg5 d6 11. Bd3 Bg4 12. O-O h6 13. Bh4 g5 14. Bg3 O-O-O
15. h3 Bh5 16. Na4 Ba5 17. Qc2 g4 18. Nd2 Bxd2 19. Qxd2 Nxe4 20. Qe3 gxh3 21.
Qxe4 Qxe4 22. Bxe4 hxg2 23. Rfe1 Bg6 24. Bxg6 fxg6 25. Re7 g5 26. Rae1 h5 27.
Rg7 h4 28. Bh2 Rhg8 29. Ree7 Rxg7 30. Rxg7 Re8 31. Kxg2 Re4 32. Nc3 Rg4+ 33.
Kf3 Rb4 34. b3 g4+ 35. Rxg4 Rxg4 36. Kxg4 Kd7 37. Kxh4 c6 38. Ne4 cxd5 39. Nxd6
d4 40. Nc4 Ke6 41. Kg4 Kd5 42. Kf4 b5 43. Nd2 a5 44. Kf3 a4 45. Ke2 axb3 46.
axb3 Kc5 47. Kd3 b4 48. Nf3 Kd5 49. Nxd4 Kc5 50. Ke4 Kb6 51. Kd5 Ka5 52. f4 Kb6
53. f5 Kb7 54. f6 Kc8 55. Ne6 Kd7 56. f7 Kc8 57. f8=Q+ Kb7 58. Qb8+ Ka6 59. Kc6
Ka5 60. Qb5# 1-0

[Event "SR 5. liga SE-SI 2015/2016"]
[Site "?"]
[Date "2015.10.24"]
[Round "1.3"]
[White "Sefcik, Oliver"]
[Black "Stasek, Daniel"]
[Result "0-1"]
[WhiteElo "1000"]
[BlackElo "1601"]
[PlyCount "78"]
[EventDate "2015.??.??"]

1. e4 e6 2. d4 d5 3. e5 c5 4. Nf3 cxd4 5. Nxd4 Qc7 6. f4 Bd7 7. a4 a6 8. c3 Ne7
9. b4 Ng6 10. Be2 Be7 11. O-O O-O 12. Be3 f6 13. Nf3 fxe5 14. fxe5 Nxe5 15.
Nxe5 Rxf1+ 16. Qxf1 Qxe5 17. Bf4 Qf6 18. Bd3 Bxb4 19. Ra2 Bc5+ 20. Kh1 e5 21.
Bc4 dxc4 22. Qxc4+ Be6 23. Qxc5 Bxa2 24. Qc8+ Qf8 25. Qxb7 Qxf4 26. Qf3 Qxf3
27. gxf3 Bxb1 28. Kg2 Nd7 29. Kf2 Rc8 30. h4 Rxc3 31. Kg3 e4 32. Kf2 exf3 33.
a5 Be4 34. h5 Rc2+ 35. Ke1 f2+ 36. Kf1 Bd3+ 37. Kg2 f1=Q+ 38. Kg3 Rg2+ 39. Kh3
Qh1# 0-1

[Event "SR 5. liga SE-SI 2015/2016"]
[Site "?"]
[Date "2015.10.24"]
[Round "1.3"]
[White "Cambal, Peter"]
[Black "Ivanova, Nicol"]
[Result "1-0"]
[WhiteElo "1136"]
[BlackElo "1000"]
[PlyCount "53"]
[EventDate "2015.??.??"]

1. e4 e5 2. f4 Nc6 3. Nf3 Bd6 4. Bc4 Nh6 5. fxe5 Bxe5 6. d4 Bxd4 7. Nxd4 Nxd4
8. Qxd4 f6 9. O-O d6 10. Nc3 Bd7 11. Bxh6 Qe7 12. Bd2 O-O-O 13. Nd5 Qe8 14.
Qxa7 Bc6 15. Rae1 Qf7 16. Nb6+ cxb6 17. Bxf7 Rd7 18. Be6 Rhd8 19. Bxd7+ Rxd7
20. Qxb6 d5 21. e5 Re7 22. exf6 Re8 23. f7 Rf8 24. Bb4 Rh8 25. f8=Q+ Rxf8 26.
Rxf8+ Kd7 27. Qd8# 1-0

[Event "SR 5. liga SE-SI 2015/2016"]
[Site "?"]
[Date "2015.10.24"]
[Round "1.3"]
[White "Stefko, Martin"]
[Black "Matula, Vojtech"]
[Result "1-0"]
[WhiteElo "1000"]
[BlackElo "1000"]
[PlyCount "25"]
[EventDate "2015.??.??"]

1. d4 Nc6 2. Nf3 d6 3. Nc3 e6 4. e4 Qf6 5. Bb5 a6 6. Ba4 e5 7. Bg5 Qe6 8. d5
Qd7 9. O-O b5 10. Bb3 a5 11. dxc6 Qxc6 12. Qd5 Bb7 13. Qxf7# 1-0

[Event "SR 5. liga SE-SI 2015/2016"]
[Site "?"]
[Date "2015.10.24"]
[Round "1.4"]
[White "Nemeckay, Dominik"]
[Black "Huska, Branislav"]
[Result "1/2-1/2"]
[WhiteElo "1440"]
[BlackElo "1766"]
[PlyCount "41"]
[EventDate "2015.??.??"]

1. e4 c5 2. Nf3 d6 3. d4 cxd4 4. Nxd4 Nf6 5. Nc3 a6 6. Be3 e5 7. Nde2 Be7 8.
Bg5 O-O 9. Bxf6 Bxf6 10. Nd5 Bg5 11. Nec3 f5 12. f3 Nc6 13. Bc4 Kh8 14. Qe2 b5
15. Bd3 b4 16. Nd1 Nd4 17. Qf2 Bh4 18. g3 Bg5 19. h4 Bh6 20. N1e3 fxe4 21. Bxe4
1/2-1/2

[Event "SR 5. liga SE-SI 2015/2016"]
[Site "?"]
[Date "2015.10.24"]
[Round "1.4"]
[White "Macalka, Ondrej"]
[Black "Drinka, Robert"]
[Result "1-0"]
[WhiteElo "1619"]
[BlackElo "1379"]
[PlyCount "51"]
[EventDate "2015.??.??"]

1. e4 e5 2. Nf3 Nc6 3. Bc4 Bc5 4. c3 Nf6 5. d4 exd4 6. cxd4 Bb4+ 7. Bd2 Nxe4 8.
Bxb4 Nxb4 9. Bxf7+ Kxf7 10. Qb3+ d5 11. Qxb4 Re8 12. O-O Rb8 13. Ne5+ Kg8 14.
Nc6 bxc6 15. Qxb8 Nxf2 16. Rxf2 Re1+ 17. Rf1 Rxf1+ 18. Kxf1 Qf6+ 19. Ke2 Qe6+
20. Kd3 Qe4+ 21. Kc3 Qe3+ 22. Kc2 Qe4+ 23. Kb3 Qd3+ 24. Nc3 Qc4+ 25. Kc2 Qa6
26. Re1 1-0

[Event "SR 5. liga SE-SI 2015/2016"]
[Site "?"]
[Date "2015.10.24"]
[Round "1.4"]
[White "Simek, Adam"]
[Black "Cibula, Marian"]
[Result "0-1"]
[WhiteElo "1097"]
[BlackElo "1107"]
[PlyCount "64"]
[EventDate "2015.??.??"]

1. e4 d5 2. d4 dxe4 3. Nc3 Nf6 4. Bg5 Bf5 5. f4 e6 6. Bxf6 Qxf6 7. d5 e5 8. g4
Bd7 9. fxe5 Qxe5 10. Bb5 Bb4 11. Nge2 Bxb5 12. a3 Bxc3+ 13. Nxc3 Bd7 14. Qe2 f5
15. Rf1 O-O 16. O-O-O c6 17. dxc6 bxc6 18. gxf5 Bxf5 19. Qc4+ Qe6 20. Qb4 Nd7
21. Rd6 Rab8 22. Rxe6 Rxb4 23. axb4 Bxe6 24. Rd1 Bf5 25. b5 cxb5 26. Nxb5 e3
27. Re1 Re8 28. Nd6 Re5 29. b3 e2 30. Kd2 Rd5+ 31. Kxe2 Rxd6 32. Rf1 Bxc2 0-1

[Event "SR 5. liga SE-SI 2015/2016"]
[Site "?"]
[Date "2015.10.24"]
[Round "1.4"]
[White "Datko, Jan"]
[Black "Jankovic, Vit"]
[Result "1-0"]
[WhiteElo "1000"]
[BlackElo "1118"]
[PlyCount "83"]
[EventDate "2015.??.??"]

1. e4 e5 2. f4 d6 3. Nf3 exf4 4. d3 Qf6 5. Nc3 Bg4 6. Nd5 Qd8 7. Bxf4 Nf6 8. h3
Bh5 9. g4 Bg6 10. Bg5 c6 11. Nb4 d5 12. Qd2 dxe4 13. Ne5 Qa5 14. c3 Qxe5 15.
dxe4 Qxe4+ 16. Qe2 Qxe2+ 17. Bxe2 Bxb4 18. cxb4 O-O 19. O-O-O Nbd7 20. b5 c5
21. Bf3 Rab8 22. Rhe1 b6 23. Bc6 Rbd8 24. Re7 Nb8 25. Bxf6 Rxd1+ 26. Kxd1 gxf6
27. Rb7 Nxc6 28. bxc6 Be4 29. Rc7 a5 30. a4 h5 31. gxh5 f5 32. Rb7 Bxc6 33.
Rxb6 Bxa4+ 34. Kd2 f4 35. b3 Bxb3 36. Rxb3 Rd8+ 37. Ke1 c4 38. Ra3 Rd3 39. Rxa5
Rxh3 40. Ra8+ Kg7 41. h6+ Kxh6 42. Rh8+ 1-0

[Event "SR 5. liga SE-SI 2015/2016"]
[Site "?"]
[Date "2015.10.24"]
[Round "1.4"]
[White "Jankovic, Erik"]
[Black "Skrabak, Juraj"]
[Result "1-0"]
[WhiteElo "1000"]
[BlackElo "1000"]
[PlyCount "89"]
[EventDate "2015.??.??"]

1. e4 e5 2. Nc3 Nc6 3. Nf3 Nf6 4. Bc4 Bc5 5. d3 Nb4 6. Nxe5 O-O 7. Bf4 a6 8. a3
b5 9. Bd5 Bb7 10. Bxb7 Ra7 11. Bd5 d6 12. Nxf7 Rxf7 13. Bxf7+ Kxf7 14. axb4 Bd4
15. Nd5 Bxb2 16. Ra2 Bd4 17. O-O Be5 18. Bxe5 dxe5 19. Nxf6 Kxf6 20. Qh5 Qh8
21. c4 g6 22. Qd1 c6 23. cxb5 cxb5 24. Qc1 Kg7 25. Rc2 Qb8 26. Qg5 Qb6 27.
Qxe5+ Kh6 28. d4 Ra8 29. d5 Rf8 30. Qc7 Qf6 31. e5 Qf5 32. d6 Rf7 33. Qb8 Qxc2
34. e6 Rf5 35. d7 a5 36. bxa5 Qd2 37. d8=Q Qxd8 38. Qxd8 b4 39. Qd3 Kg5 40. e7
Re5 41. Qd6 Rxa5 42. Qxb4 Ra8 43. Qb5+ Kf6 44. e8=Q Rxe8 45. Qxe8 1-0

[Event "SR 5. liga SE-SI 2015/2016"]
[Site "?"]
[Date "2015.10.24"]
[Round "1.5"]
[White "Ulehla, Jakub"]
[Black "Buran, Andrej ml"]
[Result "1/2-1/2"]
[WhiteElo "1644"]
[BlackElo "1595"]
[PlyCount "67"]
[EventDate "2015.??.??"]

1. e4 e5 2. Nf3 Nc6 3. Bb5 Bc5 4. O-O Nf6 5. d3 d6 6. c3 Bd7 7. h3 h6 8. Re1
O-O 9. Ba4 Qc8 10. Be3 Bxe3 11. fxe3 Qe8 12. Bc2 Rd8 13. d4 Ne7 14. Qd3 Ng6 15.
Nbd2 c5 16. Rac1 b5 17. c4 a6 18. d5 Ra8 19. b3 Qb8 20. Rb1 Qc7 21. Nf1 Rfb8
22. g4 a5 23. Ng3 b4 24. Nf5 a4 25. g5 hxg5 26. Nxg5 axb3 27. Bxb3 Ra3 28. Qc2
Rba8 29. h4 Ba4 30. Qd1 Rxa2 31. Bxa4 R8xa4 32. h5 Ne7 33. Qf3 Nxf5 34. exf5
1/2-1/2

[Event "SR 5. liga SE-SI 2015/2016"]
[Site "?"]
[Date "2015.10.24"]
[Round "1.5"]
[White "Drozd, Jan"]
[Black "Diviak, Rudolf"]
[Result "1/2-1/2"]
[WhiteElo "1514"]
[BlackElo "1811"]
[PlyCount "102"]
[EventDate "2015.??.??"]

1. e4 e5 2. Nf3 Nc6 3. Bb5 a6 4. Ba4 Nf6 5. O-O b5 6. Bb3 Be7 7. Re1 d6 8. c3
O-O 9. h3 Na5 10. Bc2 c5 11. d4 Qc7 12. Nbd2 Bb7 13. d5 Bc8 14. Nf1 Nc4 15. b3
Nb6 16. Ng3 Rd8 17. Qe2 Bd7 18. Bg5 a5 19. Bxf6 Bxf6 20. c4 bxc4 21. bxc4 g6
22. Rab1 Bg7 23. Nd2 Qa7 24. Qe3 Qa6 25. Qd3 Bh6 26. Ngf1 Rdb8 27. Red1 a4 28.
a3 Rb7 29. Rb2 Rab8 30. Rdb1 Nc8 31. Rxb7 Rxb7 32. Rxb7 Qxb7 33. Qc3 Qb6 34. f3
Ne7 35. g4 Bf4 36. Kg2 Qd8 37. Ne3 Nc8 38. Ndf1 h5 39. Bd1 Kh7 40. Bc2 Qg5 41.
Bb1 Kh6 42. Bc2 Ne7 43. Kh1 Ng8 44. Qe1 Ne7 45. h4 Qf6 46. g5+ Bxg5 47. hxg5+
Qxg5 48. Qg3 Qf6 49. Nh2 g5 50. Bxa4 Qf4 51. Qxf4 exf4 1/2-1/2

[Event "SR 5. liga SE-SI 2015/2016"]
[Site "?"]
[Date "2015.10.24"]
[Round "1.5"]
[White "Oslej, Marek"]
[Black "Hrdlicka, Martin"]
[Result "0-1"]
[WhiteElo "1092"]
[BlackElo "1370"]
[PlyCount "78"]
[EventDate "2015.??.??"]

1. e4 e5 2. Nf3 Nc6 3. Bc4 Bc5 4. c3 Nf6 5. d3 O-O 6. O-O d6 7. Nbd2 Be6 8.
Bxe6 fxe6 9. Re1 Qe7 10. Nf1 Rad8 11. Bd2 d5 12. Ng3 d4 13. c4 a6 14. a3 Nd7
15. b4 Bb6 16. c5 Ba7 17. Bg5 Nf6 18. Rc1 Rde8 19. Rb1 Rf7 20. Qc1 Qf8 21. a4
Nd7 22. b5 axb5 23. axb5 Ne7 24. c6 Nc5 25. cxb7 Nxd3 26. Qxc7 Nxe1 27. Rxe1
Bb8 28. Qc1 Ng6 29. Qb1 Rxb7 30. b6 Qc5 31. Rc1 Qxb6 32. Qc2 Rc7 33. Qd1 Rxc1
34. Qxc1 Nf4 35. Qd1 d3 36. Qa4 Qb1+ 37. Nf1 Ne2+ 38. Kh1 Qxf1+ 39. Ng1 Qxg1#
0-1

[Event "SR 5. liga SE-SI 2015/2016"]
[Site "?"]
[Date "2015.10.24"]
[Round "1.5"]
[White "Kaufman, Robert"]
[Black "Krusinsky, Mojmir"]
[Result "1-0"]
[WhiteElo "1256"]
[BlackElo "1000"]
[PlyCount "87"]
[EventDate "2015.??.??"]

1. e4 e5 2. Nf3 Nc6 3. Bc4 d6 4. d3 Bg4 5. c3 Na5 6. Bb5+ c6 7. Ba4 b5 8. Bc2
d5 9. b4 dxe4 10. dxe4 Qxd1+ 11. Bxd1 Nc4 12. a4 Nf6 13. Nbd2 Nxd2 14. Bxd2
Nxe4 15. Nxe5 Bxd1 16. Rxd1 c5 17. axb5 Nxd2 18. bxc5 Nc4 19. Nxc4 Bxc5 20. O-O
O-O 21. Ne5 Rad8 22. Nd7 Rxd7 23. Rxd7 Re8 24. Rfd1 Rb8 25. Rd8+ Rxd8 26. Rxd8+
Bf8 27. Ra8 f5 28. Rxa7 Bc5 29. Ra8+ Bf8 30. b6 Kf7 31. Rxf8+ Kxf8 32. b7 Kf7
33. b8=Q g5 34. Qe5 Kg6 35. c4 f4 36. f3 h5 37. Qe6+ Kg7 38. c5 g4 39. c6 gxf3
40. gxf3 h4 41. c7 h3 42. c8=R Kh7 43. Rc7+ Kh8 44. Qe8# 1-0

[Event "SR 5. liga SE-SI 2015/2016"]
[Site "?"]
[Date "2015.10.24"]
[Round "1.5"]
[White "Otepka, Peter"]
[Black "Svarc, Vaclav"]
[Result "0-1"]
[WhiteElo "1000"]
[BlackElo "1113"]
[PlyCount "130"]
[EventDate "2015.??.??"]

1. e4 e5 2. Nf3 Nc6 3. Nc3 Nf6 4. Bc4 Bc5 5. O-O d6 6. d3 Bg4 7. Bg5 O-O 8. Nd5
Nb4 9. Nxb4 Bxb4 10. a3 Bc5 11. b4 Bd4 12. Rb1 c6 13. h3 d5 14. hxg4 dxc4 15.
dxc4 Bb6 16. Qe2 h6 17. Be3 Nxg4 18. Bxb6 axb6 19. Rbd1 Qc7 20. Ra1 Ra7 21. a4
c5 22. bxc5 bxc5 23. Ra2 Rfa8 24. Rfa1 Qc6 25. a5 b6 26. a6 Nf6 27. Nxe5 Qe6
28. Nd3 Qxc4 29. Ra4 Qe6 30. Nf4 Qc8 31. f3 Qb8 32. Rd4 Qxf4 33. Rad1 Qc7 34.
Rd8+ Rxd8 35. Rxd8+ Qxd8 36. e5 Nd5 37. g4 Rxa6 38. Qxa6 Qe8 39. f4 Nxf4 40. c4
Ne2+ 41. Kf2 Qxe5 42. Qa3 Nd4 43. Qe3 Nc6 44. Qxe5 Nxe5 45. Kg3 Nxc4 46. g5
hxg5 47. Kg4 b5 48. Kxg5 b4 49. Kf4 b3 50. Ke4 b2 51. Kd3 b1=Q+ 52. Kxc4 Kh7
53. Kxc5 Qd1 54. Kc6 Qd4 55. Kc7 Qd5 56. Kc8 Qd6 57. Kb7 Qc5 58. Kb8 Qc6 59.
Ka7 Qb5 60. Ka8 Kg6 61. Ka7 Kf6 62. Ka8 Ke6 63. Ka7 Kd6 64. Ka8 Kc7 65. Ka7
Qb7# 0-1

[Event "SR 5. liga SE-SI 2015/2016"]
[Site "?"]
[Date "2015.11.14"]
[Round "2.1"]
[White "Brunovsky, Peter"]
[Black "Diviak, Rastislav"]
[Result "1/2-1/2"]
[WhiteElo "1859"]
[BlackElo "1949"]
[PlyCount "39"]
[EventDate "2015.??.??"]

1. c4 e5 2. e4 Nf6 3. d3 Bc5 4. g3 d6 5. h3 O-O 6. Bg2 Be6 7. Ne2 Qd7 8. Nbc3
c6 9. Bg5 Ne8 10. Qd2 Na6 11. g4 Nac7 12. Ng3 f6 13. Be3 g6 14. b3 Ng7 15. O-O
Rad8 16. Rad1 f5 17. gxf5 gxf5 18. exf5 Nxf5 19. Nxf5 Bxf5 20. Kh2 1/2-1/2

[Event "SR 5. liga SE-SI 2015/2016"]
[Site "?"]
[Date "2015.11.14"]
[Round "2.1"]
[White "Drozd, Jan"]
[Black "Hyza, Richard"]
[Result "1-0"]
[WhiteElo "1538"]
[BlackElo "1000"]
[PlyCount "51"]
[EventDate "2015.??.??"]

1. e4 e5 2. Nf3 Nc6 3. Bb5 Nf6 4. d3 Bc5 5. O-O O-O 6. Bg5 d6 7. c3 a6 8. Ba4
Be6 9. Nbd2 Qe7 10. d4 exd4 11. Bxc6 bxc6 12. cxd4 Bb6 13. e5 dxe5 14. dxe5
Rfd8 15. exf6 gxf6 16. Bh4 Ba5 17. Qc2 Qd7 18. Rfd1 Bf5 19. Qc1 Rab8 20. Nb3
Qe7 21. Rxd8+ Qxd8 22. Nxa5 Qd7 23. Nxc6 Ra8 24. Ncd4 Bg6 25. Bxf6 Rc8 26. Qh6
1-0

[Event "SR 5. liga SE-SI 2015/2016"]
[Site "?"]
[Date "2015.11.14"]
[Round "2.1"]
[White "Horinka, Tomas"]
[Black "Kaufman, Robert"]
[Result "0-1"]
[WhiteElo "1000"]
[BlackElo "1256"]
[PlyCount "92"]
[EventDate "2015.??.??"]

1. e4 e5 2. Nf3 Nc6 3. Bc4 Bc5 4. O-O Nf6 5. Nc3 d6 6. h3 O-O 7. d3 Be6 8. Bxe6
fxe6 9. Bg5 Qd7 10. Qd2 Nh5 11. Rfe1 Nf4 12. Rad1 Nd4 13. Kf1 Nxf3 14. gxf3
Nxh3 15. Be3 Bxe3 16. Qxe3 a6 17. Ke2 Nf4+ 18. Kf1 Rf6 19. Ne2 Raf8 20. Nxf4
Rxf4 21. Ke2 Qf7 22. Kd2 Rxf3 23. Qg5 Rxf2+ 24. Kc1 Qf4+ 25. Qxf4 exf4 26. Kb1
c5 27. Rc1 e5 28. a3 g5 29. Rg1 h6 30. Rh1 Kg7 31. Rcd1 Kg6 32. Rhf1 Rxf1 33.
Rxf1 g4 34. Kc1 Kg5 35. Kd1 f3 36. Kc1 g3 37. Kd1 Kg4 38. Kc1 f2 39. Kb1 g2 40.
Rc1 f1=Q 41. Rxf1 gxf1=Q+ 42. Ka2 Rf2 43. Kb3 Qb1 44. a4 b5 45. axb5 axb5 46.
Kc3 Qxc2# 0-1

[Event "SR 5. liga SE-SI 2015/2016"]
[Site "?"]
[Date "2015.11.14"]
[Round "2.1"]
[White "Svarc, Vaclav"]
[Black "Volek, Vladimir"]
[Result "0-1"]
[WhiteElo "1113"]
[BlackElo "1000"]
[PlyCount "46"]
[EventDate "2015.??.??"]

1. e4 e5 2. Nf3 Nc6 3. Bb5 Nf6 4. d3 Bc5 5. Bg5 O-O 6. Nc3 d6 7. Nd5 Nd4 8.
Nxd4 Bxd4 9. Nxf6+ gxf6 10. Bh6 Re8 11. Qg4+ Bxg4 12. Bxe8 Qxe8 13. O-O Bxb2
14. Rae1 Qe6 15. Re3 f5 16. h3 Qxh6 17. hxg4 fxg4 18. Rg3 Qf4 19. Kh2 Bd4 20.
f3 Qh6+ 21. Rh3 gxh3 22. gxh3 Qf4+ 23. Kh1 Qg3 0-1

[Event "SR 5. liga SE-SI 2015/2016"]
[Site "?"]
[Date "2015.11.14"]
[Round "2.1"]
[White "Daniel, Jakub"]
[Black "Nater, Nikolas"]
[Result "0-1"]
[WhiteElo "1000"]
[BlackElo "1092"]
[PlyCount "34"]
[EventDate "2015.??.??"]

1. e4 e5 2. Nf3 Nc6 3. Nc3 Nf6 4. g3 Bc5 5. Bg2 d6 6. O-O O-O 7. d3 Bg4 8. Nd5
Qc8 9. Nxf6+ gxf6 10. Bd2 Kh8 11. Bh6 Rg8 12. Qd2 Nd4 13. Kh1 Nxf3 14. h3 Nxd2
15. Rfe1 Bxh3 16. Bxh3 Qxh3+ 17. Kg1 Nf3# 0-1

[Event "SR 5. liga SE-SI 2015/2016"]
[Site "?"]
[Date "2015.11.14"]
[Round "2.2"]
[White "Petras, Michal"]
[Black "Ulehla, Jakub"]
[Result "0-1"]
[WhiteElo "1246"]
[BlackElo "1665"]
[PlyCount "52"]
[EventDate "2015.??.??"]

1. e4 c5 2. Nf3 Nc6 3. Nc3 d6 4. Bb5 a6 5. Bxc6+ bxc6 6. d3 e6 7. O-O Be7 8.
Re1 Nf6 9. h3 O-O 10. Bf4 Bb7 11. Bh2 d5 12. e5 Nd7 13. d4 cxd4 14. Qxd4 Bc5
15. Qd2 Nb6 16. Ne2 Nc4 17. Qc1 Qb6 18. Bg3 Ne3 19. Kh2 Nf5 20. Rf1 Nxg3 21.
Kxg3 f6 22. exf6 Rxf6 23. b3 Bd6+ 24. Kg4 Rg6+ 25. Kh4 Qd8+ 26. Kh5 Qf6 0-1

[Event "SR 5. liga SE-SI 2015/2016"]
[Site "?"]
[Date "2015.11.14"]
[Round "2.2"]
[White "Trojkova, Michaela"]
[Black "Babic, Stefan"]
[Result "1-0"]
[WhiteElo "1536"]
[BlackElo "1091"]
[PlyCount "43"]
[EventDate "2015.??.??"]

1. f4 d5 2. Nf3 Nc6 3. e3 f6 4. Be2 e5 5. fxe5 fxe5 6. O-O Nf6 7. d4 e4 8. Nfd2
Bd6 9. Bh5+ g6 10. Be2 Qe7 11. c4 b6 12. cxd5 Nb4 13. Bb5+ Bd7 14. Bxd7+ Kxd7
15. Nc3 Raf8 16. Ndxe4 Nxe4 17. Qg4+ Kd8 18. Nxe4 Rxf1+ 19. Kxf1 Bxh2 20. Qg5
Rf8+ 21. Ke2 Nxd5 22. Qxd5+ 1-0

[Event "SR 5. liga SE-SI 2015/2016"]
[Site "?"]
[Date "2015.11.14"]
[Round "2.2"]
[White "Skrabak, Jozef"]
[Black "Petrek, David"]
[Result "0-1"]
[WhiteElo "1000"]
[BlackElo "1241"]
[PlyCount "80"]
[EventDate "2015.??.??"]

1. d4 Nf6 2. Nc3 g6 3. Nf3 Bg7 4. e4 d6 5. h3 O-O 6. Bc4 Nbd7 7. Bg5 e5 8. O-O
exd4 9. Nd5 Ne5 10. Bxf6 Bxf6 11. Nxe5 dxe5 12. Qf3 Bg7 13. a4 Be6 14. a5 c6
15. Ra4 cxd5 16. exd5 Bd7 17. d6 Bxa4 18. b3 Bc6 19. Bd5 Qxd6 20. Bxc6 Qxc6 21.
Qd3 e4 22. Qd2 Rae8 23. c4 f5 24. Rc1 e3 25. Qd3 f4 26. c5 Qe6 27. b4 exf2+ 28.
Kxf2 Qe3+ 29. Qxe3 fxe3+ 30. Ke2 Rf2+ 31. Ke1 d3 32. c6 d2+ 33. Kd1 e2+ 34.
Kxd2 e1=Q+ 35. Kd3 Qd2+ 36. Kc4 Qd4+ 37. Kb5 a6+ 38. Ka4 Ra2+ 39. Kb3 Rb2+ 40.
Ka3 Qxb4# 0-1

[Event "SR 5. liga SE-SI 2015/2016"]
[Site "?"]
[Date "2015.11.14"]
[Round "2.2"]
[White "Petrek, Miroslav"]
[Black "Skrabakova, Monika"]
[Result "1-0"]
[WhiteElo "1000"]
[BlackElo "1000"]
[PlyCount "39"]
[EventDate "2015.??.??"]

1. e4 e5 2. Nf3 Nf6 3. Nxe5 Nxe4 4. d4 Qf6 5. Nf3 Bd6 6. Bc4 O-O 7. Nbd2 Nc6 8.
Nxe4 Qe7 9. Bd3 a6 10. O-O b5 11. Re1 Bb7 12. Bg5 Qe6 13. Nxd6 cxd6 14. Rxe6
dxe6 15. c3 f6 16. Bh4 Rfe8 17. Qc2 Kf7 18. Bxh7 Ke7 19. Qg6 Kd7 20. Qxg7+ 1-0

[Event "SR 5. liga SE-SI 2015/2016"]
[Site "?"]
[Date "2015.11.14"]
[Round "2.2"]
[White "Hasakova, Maria Alena"]
[Black "Otepka, Peter"]
[Result "1-0"]
[WhiteElo "1000"]
[BlackElo "1000"]
[PlyCount "61"]
[EventDate "2015.??.??"]

1. e4 e5 2. d3 Nf6 3. Nc3 Nc6 4. Bg5 Bb4 5. a3 Bxc3+ 6. bxc3 d6 7. Nf3 Bg4 8.
Be2 Qd7 9. Bxf6 gxf6 10. h3 O-O-O 11. O-O Bxf3 12. Bxf3 Rhg8 13. Bg4 Rxg4 14.
hxg4 h5 15. f3 hxg4 16. fxg4 Rh8 17. Qf3 Na5 18. Rab1 Qc6 19. Qxf6 Rh7 20. Qf5+
Kb8 21. Qxh7 Qd7 22. Rxf7 Qc8 23. Qg7 Nc6 24. Rf8 Nd8 25. Qg8 b6 26. Rxd8 Qxd8
27. Qxd8+ Kb7 28. c4 Ka6 29. Qxc7 d5 30. cxd5 Ka5 31. Qxa7# 1-0

[Event "SR 5. liga SE-SI 2015/2016"]
[Site "?"]
[Date "2015.11.14"]
[Round "2.3"]
[White "Hrubos, Milan"]
[Black "Nemeckay, Dominik"]
[Result "1-0"]
[WhiteElo "1752"]
[BlackElo "1455"]
[PlyCount "63"]
[EventDate "2015.??.??"]

1. e4 e5 2. Nf3 Nc6 3. Bb5 a6 4. Ba4 Nf6 5. O-O b5 6. Bb3 d6 7. h3 Be6 8. Re1
h6 9. c3 Qd7 10. Bxe6 fxe6 11. d4 Qf7 12. a4 Rb8 13. axb5 axb5 14. Ra6 Qd7 15.
dxe5 Nxe5 16. Nxe5 dxe5 17. Qb3 c6 18. Be3 Kf7 19. Ra7 Rb7 20. Rxb7 Qxb7 21.
Nd2 c5 22. f3 Be7 23. Nc4 Nd7 24. Rd1 Ke8 25. Na3 b4 26. cxb4 cxb4 27. Nc4 Qb5
28. Nd6+ Bxd6 29. Rxd6 Nc5 30. Qd1 Ke7 31. Kh2 Nb7 32. Rb6 1-0